书目信息 |
| 题名: |
中国传统饮食保健方选
|
|
| 作者: | 周俭 编著 | |
| 分册: | ||
| 出版信息: | 北京 中国轻工业出版社 1995 |
|
| 页数: | 166页 | |
| 开本: | 20cm | |
| 丛书名: | ||
| 单 册: | ||
| 中图分类: | R247.1 | |
| 科图分类: | 62.193 | |
| 主题词: | 食物疗法--验方 , 食物疗法 , 验方 | |
| 电子资源: | ||
| ISBN: | 7-5019-1842-2 | |
| 000 | 00727nam0 2200265 450 | |
| 001 | 0196041801 | |
| 005 | 20100713013634.0 | |
| 010 | @a7-5019-1842-2@dCNY8.80 | |
| 011 | @a7-5019-1842-2 | |
| 100 | @a19961106d1995 em y0chiy0110 ea | |
| 101 | 0 | @achi |
| 102 | @aCN@b110000 | |
| 105 | @ay z 000yy | |
| 106 | @ar | |
| 200 | 1 | @a中国传统饮食保健方选@9Zhong Guo Chuan;Zhuan Tong Yin Shi;Si Bao Jian Fang Xuan @f周俭编著 |
| 210 | @a北京@c中国轻工业出版社@d1995 | |
| 215 | @a166页@d20cm | |
| 606 | 0 | @a食物疗法@x验方 |
| 606 | 0 | @a食物疗法 |
| 606 | 0 | @a验方 |
| 690 | @aR247.1@v3 | |
| 692 | @a62.193@v2 | |
| 701 | 0 | @a周俭@9zhou jian@4编著 |
| 801 | 0 | @aCN@b91MARC@c20130904 |
| 905 | @aBZT@dR247.1@e405@f10@sR247.1/405 | |
| 中国传统饮食保健方选/周俭编著.-北京:中国轻工业出版社,1995 |
| 166页;20cm |
| ISBN 7-5019-1842-2:CNY8.80 |
| ● |
| 相关链接 |
|
|
|
正题名:中国传统饮食保健方选
索取号:R247.1/405
 
预约/预借
| 序号 | 登录号 | 条形码 | 馆藏地/架位号 | 状态 | 备注 |
| 1 | 2000040609 | 2000040609 | 旧书回溯/ [索取号:R247.1/405] | 在馆 | |
| 2 | 2000040610 | 2000040610 | 旧书回溯/ [索取号:R247.1/405] | 在馆 | |
| 3 | 2000040611 | 2000040611 | 旧书回溯/ [索取号:R247.1/405] | 在馆 | |
| 4 | 2000040612 | 2000040612 | 旧书回溯/ [索取号:R247.1/405] | 在馆 | |
| 5 | 2000040613 | 2000040613 | 旧书回溯/ [索取号:R247.1/405] | 在馆 | |
| 6 | 2000040614 | 2000040614 | 旧书回溯/ [索取号:R247.1/405] | 在馆 | |
| 7 | 2000040615 | 2000040615 | 旧书回溯/ [索取号:R247.1/405] | 在馆 | |
| 8 | 2000040616 | 2000040616 | 旧书回溯/ [索取号:R247.1/405] | 在馆 | |
| 9 | 2000040617 | 2000040617 | 旧书回溯/ [索取号:R247.1/405] | 在馆 | |
| 10 | 2000040618 | 2000040618 | 旧书回溯/ [索取号:R247.1/405] | 在馆 |